<?xml version="1.0" encoding="UTF-8"?>
<record
    xmlns:xsi="http://www.w3.org/2001/XMLSchema-instance"
    xsi:schemaLocation="http://www.loc.gov/MARC21/slim http://www.loc.gov/standards/marcxml/schema/MARC21slim.xsd"
    xmlns="http://www.loc.gov/MARC21/slim">

  <leader>00346nam a22001217a 4500</leader>
  <datafield tag="999" ind1=" " ind2=" ">
    <subfield code="c">3395</subfield>
    <subfield code="d">3395</subfield>
  </datafield>
  <controlfield tag="008">200611b           ||||| |||| 00| 0 eng d</controlfield>
  <datafield tag="100" ind1=" " ind2=" ">
    <subfield code="9">2211</subfield>
    <subfield code="a">Subramanian, V.</subfield>
  </datafield>
  <datafield tag="245" ind1="1" ind2="0">
    <subfield code="a">Trim and stability particulars of M. V. Hindship /</subfield>
  </datafield>
  <datafield tag="260" ind1=" " ind2=" ">
    <subfield code="a">Mumbai :</subfield>
    <subfield code="b">Bhandarakar Publication ,</subfield>
    <subfield code="c">2010.</subfield>
  </datafield>
  <datafield tag="300" ind1=" " ind2=" ">
    <subfield code="a">200p.</subfield>
  </datafield>
  <datafield tag="650" ind1=" " ind2="0">
    <subfield code="a">Stability of ships</subfield>
  </datafield>
  <datafield tag="942" ind1=" " ind2=" ">
    <subfield code="c">BK</subfield>
  </datafield>
  <datafield tag="952" ind1=" " ind2=" ">
    <subfield code="0">0</subfield>
    <subfield code="1">0</subfield>
    <subfield code="2">ddc</subfield>
    <subfield code="4">0</subfield>
    <subfield code="6">623_888100000000000_S9417</subfield>
    <subfield code="7">0</subfield>
    <subfield code="9">9169</subfield>
    <subfield code="a">CL</subfield>
    <subfield code="b">CL</subfield>
    <subfield code="d">2012-07-30</subfield>
    <subfield code="e">Ross Marketing</subfield>
    <subfield code="o">623.8881 S9417</subfield>
    <subfield code="p">11575</subfield>
    <subfield code="r">2020-06-11</subfield>
    <subfield code="v">50.00</subfield>
    <subfield code="y">BK</subfield>
  </datafield>
  <datafield tag="952" ind1=" " ind2=" ">
    <subfield code="0">0</subfield>
    <subfield code="1">0</subfield>
    <subfield code="2">ddc</subfield>
    <subfield code="4">0</subfield>
    <subfield code="6">623_888100000000000_S9417</subfield>
    <subfield code="7">0</subfield>
    <subfield code="9">9170</subfield>
    <subfield code="a">CL</subfield>
    <subfield code="b">CL</subfield>
    <subfield code="d">2012-07-30</subfield>
    <subfield code="e">Ross Marketing</subfield>
    <subfield code="o">623.8881 S9417</subfield>
    <subfield code="p">11576</subfield>
    <subfield code="r">2020-06-11</subfield>
    <subfield code="v">50.00</subfield>
    <subfield code="y">BK</subfield>
  </datafield>
  <datafield tag="952" ind1=" " ind2=" ">
    <subfield code="0">0</subfield>
    <subfield code="1">0</subfield>
    <subfield code="2">ddc</subfield>
    <subfield code="4">0</subfield>
    <subfield code="6">623_888100000000000_S9417</subfield>
    <subfield code="7">0</subfield>
    <subfield code="9">9171</subfield>
    <subfield code="a">CL</subfield>
    <subfield code="b">CL</subfield>
    <subfield code="d">2012-07-30</subfield>
    <subfield code="e">Ross Marketing</subfield>
    <subfield code="o">623.8881 S9417</subfield>
    <subfield code="p">11577</subfield>
    <subfield code="r">2020-06-11</subfield>
    <subfield code="v">50.00</subfield>
    <subfield code="y">BK</subfield>
  </datafield>
  <datafield tag="952" ind1=" " ind2=" ">
    <subfield code="0">0</subfield>
    <subfield code="1">0</subfield>
    <subfield code="2">ddc</subfield>
    <subfield code="4">0</subfield>
    <subfield code="7">0</subfield>
    <subfield code="9">13382</subfield>
    <subfield code="a">CL</subfield>
    <subfield code="b">CL</subfield>
    <subfield code="d">2020-08-25</subfield>
    <subfield code="e">16</subfield>
    <subfield code="g">50.00</subfield>
    <subfield code="r">2020-08-25</subfield>
    <subfield code="v">50.00</subfield>
    <subfield code="y">BK</subfield>
  </datafield>
  <datafield tag="952" ind1=" " ind2=" ">
    <subfield code="0">0</subfield>
    <subfield code="1">0</subfield>
    <subfield code="2">ddc</subfield>
    <subfield code="4">0</subfield>
    <subfield code="7">0</subfield>
    <subfield code="9">13383</subfield>
    <subfield code="a">CL</subfield>
    <subfield code="b">CL</subfield>
    <subfield code="d">2020-08-25</subfield>
    <subfield code="e">16</subfield>
    <subfield code="g">50.00</subfield>
    <subfield code="r">2020-08-25</subfield>
    <subfield code="v">50.00</subfield>
    <subfield code="y">BK</subfield>
  </datafield>
  <datafield tag="952" ind1=" " ind2=" ">
    <subfield code="0">0</subfield>
    <subfield code="1">0</subfield>
    <subfield code="2">ddc</subfield>
    <subfield code="4">0</subfield>
    <subfield code="7">0</subfield>
    <subfield code="9">13384</subfield>
    <subfield code="a">CL</subfield>
    <subfield code="b">CL</subfield>
    <subfield code="d">2020-08-25</subfield>
    <subfield code="e">16</subfield>
    <subfield code="g">50.00</subfield>
    <subfield code="r">2020-08-25</subfield>
    <subfield code="v">50.00</subfield>
    <subfield code="y">BK</subfield>
  </datafield>
</record>
